| 000 | 00340nam a2200133 a 4500 | ||
|---|---|---|---|
| 005 | 20141022142001.0 | ||
| 008 | 100916s19uu xx 00 eng d | ||
| 050 |
_aDVD _bR53 2005 |
||
| 245 |
_aRoad to war: _bhistory of the World War II:Japan, Asia. |
||
| 260 |
_bBBC, _c2005. |
||
| 650 | _aDVD | ||
| 650 | _aHistory-fiction | ||
| 942 | _cAVM | ||
| 999 |
_c276277 _d276277 |
||